<?xml version="1.0" encoding="UTF-8"?>
<record
    xmlns:xsi="http://www.w3.org/2001/XMLSchema-instance"
    xsi:schemaLocation="http://www.loc.gov/MARC21/slim http://www.loc.gov/standards/marcxml/schema/MARC21slim.xsd"
    xmlns="http://www.loc.gov/MARC21/slim">

  <leader>01077nam a2200253 i 4500</leader>
  <controlfield tag="001">122999</controlfield>
  <controlfield tag="003">ES-MaACL</controlfield>
  <controlfield tag="005">20230906192103.0</controlfield>
  <controlfield tag="008">070214m19581960sp a         |||| | spa d</controlfield>
  <datafield tag="035" ind1=" " ind2=" ">
    <subfield code="a">669:543</subfield>
  </datafield>
  <datafield tag="245" ind1="0" ind2="0">
    <subfield code="a">An&#xE1;lisis de metales : </subfield>
    <subfield code="b">m&#xE9;todos de control industrial / </subfield>
    <subfield code="c">O. Proske, director ; H. Blumenthal y F. Ensslin, directores adjuntos ; traducci&#xF3;n espa&#xF1;ola y pr&#xF3;logo por Francisco Mu&#xF1;oz del Corral, Jos&#xE9; M&#xAA; Berm&#xFA;dez de Castro y Mosquera, y Ram&#xF3;n Su&#xE1;rez Acosta.</subfield>
  </datafield>
  <datafield tag="260" ind1=" " ind2=" ">
    <subfield code="a">Madrid : </subfield>
    <subfield code="b">Aguilar, </subfield>
    <subfield code="c">1958-1960.</subfield>
  </datafield>
  <datafield tag="300" ind1=" " ind2=" ">
    <subfield code="a">2 v. : </subfield>
    <subfield code="b">il. ; </subfield>
    <subfield code="c">25 cm.</subfield>
  </datafield>
  <datafield tag="594" ind1=" " ind2=" ">
    <subfield code="a">Precede al t&#xED;t.: Comisi&#xF3;n Especial de Qu&#xED;micos de la Sociedad de Metal&#xFA;rgicos y Mineros Alemanes.</subfield>
  </datafield>
  <datafield tag="650" ind1=" " ind2="4">
    <subfield code="a">Metales-</subfield>
    <subfield code="x">An&#xE1;lisis.</subfield>
    <subfield code="9">170903</subfield>
  </datafield>
  <datafield tag="700" ind1="1" ind2=" ">
    <subfield code="a">Mu&#xF1;oz del Corral, Francisco.</subfield>
    <subfield code="9">84396</subfield>
  </datafield>
  <datafield tag="700" ind1="1" ind2=" ">
    <subfield code="a">Berm&#xFA;dez de Castro y Mosquera, Jos&#xE9; Mar&#xED;a.</subfield>
    <subfield code="9">28143</subfield>
  </datafield>
  <datafield tag="700" ind1="1" ind2=" ">
    <subfield code="a">Su&#xE1;rez Acosta, Ram&#xF3;n.</subfield>
    <subfield code="9">108584</subfield>
  </datafield>
  <datafield tag="700" ind1="1" ind2=" ">
    <subfield code="a">Proske, O.</subfield>
    <subfield code="9">198610</subfield>
  </datafield>
  <datafield tag="700" ind1="1" ind2=" ">
    <subfield code="a">Blumenthal, H.</subfield>
    <subfield code="9">29593</subfield>
  </datafield>
  <datafield tag="700" ind1="1" ind2=" ">
    <subfield code="a">Ensslin, F.</subfield>
    <subfield code="9">47303</subfield>
  </datafield>
  <datafield tag="852" ind1="4" ind2=" ">
    <subfield code="a">ES-MaACL</subfield>
    <subfield code="j">C-24008-09</subfield>
  </datafield>
  <datafield tag="999" ind1=" " ind2=" ">
    <subfield code="c">122999</subfield>
    <subfield code="d">122999</subfield>
  </datafield>
  <datafield tag="952" ind1=" " ind2=" ">
    <subfield code="0">0</subfield>
    <subfield code="1">0</subfield>
    <subfield code="4">0</subfield>
    <subfield code="7">0</subfield>
    <subfield code="a">ATENEOM</subfield>
    <subfield code="b">ATENEOM</subfield>
    <subfield code="c">DEPO2</subfield>
    <subfield code="d">2008-01-17</subfield>
    <subfield code="e">SC</subfield>
    <subfield code="l">0</subfield>
    <subfield code="o">C-24008-09</subfield>
    <subfield code="p">1128169</subfield>
    <subfield code="r">2023-02-23 00:00:00</subfield>
    <subfield code="w">2023-02-23</subfield>
    <subfield code="y">MONOGRAFIA</subfield>
  </datafield>
</record>
